|
|
|
|
| LEADER |
00930nam a2200241 a 4500 |
| 001 |
3448279 |
| 008 |
090802s1992 nyu b 001 0 eng d |
| 010 |
|
|
|a 92003546
|
| 020 |
|
|
|a 0671769561
|
| 020 |
|
|
|a 0671867423
|
| 040 |
|
|
|a DLC
|c DLC
|d DLC
|
| 082 |
0 |
0 |
|a 973.7/092
|2 20
|
| 100 |
1 |
|
|a Wills, Garry,
|d 1934-
|
| 245 |
1 |
0 |
|a Lincoln at Gettysburg :
|b the words that remade America /
|c Garry Wills.
|
| 260 |
|
|
|a New York :
|b Simon & Schuster,
|c c1992.
|
| 300 |
|
|
|a 317 p. ;
|c 24 cm.
|
| 504 |
|
|
|a Includes bibliographical references (p. 267-304) and indexes.
|
| 541 |
1 |
|
|e 00017279
|
| 600 |
1 |
0 |
|a Lincoln, Abraham,
|d 1809-1865.
|t Gettysburg address.
|
| 600 |
1 |
0 |
|a Lincoln, Abraham,
|d 1809-1865
|x Oratory.
|
| 852 |
4 |
|
|a Ayesha Abed Library
|j General Shelf.
|
| 999 |
|
|
|c 3167
|d 3167
|
| 952 |
|
|
|0 0
|1 0
|2 ddc
|4 0
|6 973_709200000000000_WIL
|7 0
|9 2870
|a BRACUL
|b BRACUL
|c GEN
|d 2009-08-30
|l 4
|m 17
|o 973.7092 WIL
|p 3010017279
|r 2024-10-27
|s 2024-04-30
|t 1
|w 2009-08-30
|y BK
|